000 00587nam a2200193Ia 4500
005 20250508162030.0
008 008 250505s9999 xx 000 0 eng d
037 _aDissertations
040 _aFEDL
_beng
_cFEDL
041 _aeng
_2eng
084 _a370.15, MUN/DI
_qFEDL
100 _aMunjal Shiv Kumar
_9772108
245 0 _aCompartive study of some factors responsible for high and low achievements
260 _c1980
300 _a63p.
546 _aM.Ed. Dissertation 1978-80 (Delhi University)
942 _cDIS
_h370.15, MUN/DI
999 _c1373945
_d1373945